000 00535nam a2200181Ia 4500
005 20250326124645.0
008 250326s9999 xx 000 0 und d
037 _aTextbook
040 _aFMSL
_beng
_cFMSL
041 _aeng
_2eng
084 _aX:8ogD658(2:55) L61
_qFMSL
100 _aArnold D V
_9737725
245 0 _aManagement of the information department
_cArnold D V
260 _aLondon
_bLondon, Andre Deutsch
_c1976
300 _a137p
942 _cTB
_hX:8ogD658(2:55) L61
999 _c1274603
_d1274603